El Diseño para medir logro académico: ¿referencia a normas o a criterios? /

Guardat en:
Dades bibliogràfiques
Autor principal: Esquivel, Juan Manuel
Format: Text
Matèries:
Etiquetes: Afegir etiqueta
Sense etiquetes, Sigues el primer a etiquetar aquest registre!

MARC

LEADER 00000 a a2200000 04500
001 5098
003
040
100 |a Esquivel, Juan Manuel  
245 |a El Diseño para medir logro académico:   |b ¿referencia a normas o a criterios? /  |c Juan Manuel Esquivel 
650 |a RENDIMIENTO DE LA EDUCACION  
650 |a EVALUACION  
773 |g número 20; páginas 20-29  
999 |c 36756  |d 36756